| 000 | 00513nam a2200193Ia 4500 | ||
|---|---|---|---|
| 005 | 20250508152519.0 | ||
| 008 | 008 250505s9999 xx 000 0 eng d | ||
| 037 | _aTextual | ||
| 040 |
_aFEDL _beng _cFEDL |
||
| 041 |
_aeng _2eng |
||
| 084 |
_a630.62, MAM _qFEDL |
||
| 100 | _aMamoria C B | ||
| 245 | 0 | _aCo-operation in India | |
| 260 |
_aDelhi, India _bKitab Mahal _c1957 |
||
| 300 | _avi,464p | ||
| 700 |
_a Saksena R D _9761667 |
||
| 942 |
_cTEXL _h630.62, MAM |
||
| 999 |
_c1336917 _d1336917 |
||